00397nam a2200157Ia 4500003000400000008004100004040001600045082001300061100002100074245004300095260003000138300001000168490002400178650001500202650002200217GCL140319s9999 xx 000 0 eng d aGCL / cGCL04a843bC P1 aCLEZIO, J. M. G.10aLE PROCES- VERBAL / cCLEZIO, J. M. G. a[S.N] : bFOLIO ، c1994 a320 P aCOLLECTION FOLIOv004aLITERATURE04aFRENCH LITERATURE